000 00544nam a2200193 a 4500
005 20210219151841.0
008 991125s1975 mx 000 0 spa u
035 _aUPN01000042157
049 _aF
050 4 _aQA241
_bO3.5
100 1 _aOdgers López, Alejandro
245 1 4 _aLos números enteros /
_cAlejandro Odgers López.
260 _aMéxico :
_bANUIES,
_c1975.
300 _a77 p.
_e
440 0 _aTemas básicos. Area matemáticas
500 _a"SEAD"
650 4 _aNUMEROS, TEORIA DE LOS -
_xESTUDIO Y ENSEÑANZA
905 _aLibro
999 _c42157
_d42157